[Event "Elit(Rockaden-Manhem)"]
[Site "?"]
[Date "2005.??.??"]
[Round "3"]
[White "Karlsson, Lars"]
[Black "Kinnmark, Ove"]
[Result "1-0"]
[WhiteElo "2601"]
[BlackElo "2295"]
[PlyCount "66"]
[EventDate "2005.??.??"]

1. c4 e5 2. g3 Nf6 3. Bg2 Bc5 4. Nc3 O-O 5. e3 Re8 6. Nge2 Bf8 7. O-O c6 8. e4
h6 9. d3 a5 10. h3 Na6 11. Kh2 Rb8 12. f4 d6 13. d4 exd4 14. Nxd4 Nc5 15. Re1
Bd7 16. b3 Qc8 17. a3 b5 18. e5 dxe5 19. fxe5 Nh7 20. cxb5 cxb5 21. Nd5 Ne6 22.
Bb2 Rd8 23. Nf5 Qa6 24. Qg4 Kh8 25. Rad1 a4 26. Nd6 Be8 27. b4 g6 28. Nf4 Nhg5
29. h4 h5 30. Nxh5 gxh5 31. Qxh5+ Kg8 32. hxg5 Bg7 33. Rf1 Qa7 1-0

[Event "Elit(Rockaden-Manhem)"]
[Site "?"]
[Date "2005.??.??"]
[Round "3"]
[White "Landgren, Philip"]
[Black "Olsson, Anders"]
[Result "1/2-1/2"]
[WhiteElo "2308"]
[BlackElo "2490"]
[PlyCount "64"]
[EventDate "2005.??.??"]

1. d4 Nf6 2. c4 g6 3. Nc3 Bg7 4. e4 d6 5. Nf3 O-O 6. Be2 e5 7. O-O Nc6 8. d5
Ne7 9. b4 a5 10. Ba3 axb4 11. Bxb4 Nd7 12. a4 Kh8 13. a5 f5 14. Nd2 Ng8 15. Nb3
Rf7 16. c5 Bf8 17. c6 bxc6 18. dxc6 Nb8 19. Bc4 Rg7 20. Nd5 Nxc6 21. Bc3 f4 22.
Nxf4 exf4 23. Bxg8 Kxg8 24. Qd5+ Rf7 25. Qxc6 Bd7 26. Qd5 f3 27. g3 Qe8 28. Nd2
Bc6 29. Qd4 Bg7 30. Qe3 Bxc3 31. Qxc3 Bxe4 32. Rfe1 d5 1/2-1/2

[Event "Elit(Rockaden-Manhem)"]
[Site "?"]
[Date "2005.??.??"]
[Round "3"]
[White "Bator, Robert"]
[Black "Carlhammar, Magnus"]
[Result "1/2-1/2"]
[WhiteElo "2475"]
[BlackElo "2320"]
[PlyCount "62"]
[EventDate "2005.??.??"]

1. d4 Nf6 2. Nf3 g6 3. g3 Bg7 4. c4 O-O 5. Bg2 d5 6. cxd5 Nxd5 7. O-O Nb6 8.
Nc3 Nc6 9. d5 Na5 10. e4 c6 11. Bg5 h6 12. Bf4 cxd5 13. Nxd5 Nac4 14. Qe2 e5
15. Nxb6 Qxb6 16. Bxh6 Bxh6 17. Qxc4 Qxb2 18. Rab1 Qa3 19. Nxe5 Be6 20. Qc7 Bg7
21. Nf3 Rac8 22. Qf4 b5 23. Ng5 Bh6 24. Rxb5 Bc4 25. Qh4 Bxg5 26. Rxg5 Bxf1 27.
Rh5 Bxg2 28. Rh8+ Kg7 29. Rh7+ Kg8 30. Rh8+ Kg7 31. Rh7+ Kg8 1/2-1/2

[Event "Elit(Rockaden-Manhem)"]
[Site "?"]
[Date "2005.??.??"]
[Round "3"]
[White "Nithander, Victor"]
[Black "Wessman, Rickard"]
[Result "1-0"]
[WhiteElo "2317"]
[BlackElo "2502"]
[PlyCount "123"]
[EventDate "2005.??.??"]

1. e4 c6 2. d4 d5 3. Nc3 dxe4 4. Nxe4 Nd7 5. Bc4 Ngf6 6. Ng5 e6 7. Qe2 Nb6 8.
Bd3 h6 9. N5f3 c5 10. dxc5 Bxc5 11. Ne5 Nbd7 12. Ngf3 Qc7 13. O-O O-O 14. Re1
Nxe5 15. Nxe5 Bd6 16. b3 Bxe5 17. Qxe5 Qxe5 18. Rxe5 Bd7 19. Bb2 Bc6 20. b4
Rac8 21. c4 b6 22. f3 Rfd8 23. Bf1 Ba4 24. Re3 Be8 25. a3 Nh7 26. Ree1 Nf8 27.
Red1 Ba4 28. Rxd8 Rxd8 29. Bc3 f6 30. Kf2 e5 31. f4 exf4 32. Re1 Kf7 33. c5 Bb3
34. c6 Ne6 35. b5 Nc7 36. Bb4 Be6 37. Re4 Rd5 38. a4 Rd8 39. Rxf4 Rd1 40. Be2
Rd8 41. Re4 f5 42. Rh4 Nd5 43. Rd4 Kf6 44. Bf3 Ke5 45. Rd1 Re8 46. Re1+ Kd4 47.
Bd6 Bf7 48. Rxe8 Bxe8 49. Bb8 a5 50. Ba7 Bf7 51. c7 Be6 52. Bxd5 Kxd5 53. Bxb6
Kc4 54. Bxa5 Kb3 55. Bc3 Kxa4 56. b6 Bc8 57. Bxg7 Kb5 58. Bd4 Kc4 59. Be3 h5
60. Kf3 Kd3 61. h4 Kc4 62. Kf4 1-0

[Event "Elit(Rockaden-Manhem)"]
[Site "?"]
[Date "2005.??.??"]
[Round "3"]
[White "Hedman, Erik"]
[Black "Sagit, Rauan"]
[Result "1-0"]
[WhiteElo "2417"]
[BlackElo "2348"]
[PlyCount "83"]
[EventDate "2005.??.??"]

1. e4 c5 2. Nf3 d6 3. d4 Nf6 4. Nc3 cxd4 5. Nxd4 a6 6. Bg5 Nbd7 7. f4 b5 8.
Bxf6 Nxf6 9. e5 b4 10. Ncb5 axb5 11. exf6 Bd7 12. Bxb5 Bxb5 13. Nxb5 Qb6 14.
Qd3 Ra5 15. c4 gxf6 16. O-O-O Rxa2 17. Kb1 Qa5 18. Na3 Rxa3 19. bxa3 Bg7 20.
Qd5 Qxd5 21. Rxd5 bxa3 22. Ka2 O-O 23. Kxa3 Rc8 24. Kb3 Bf8 25. Ra1 e6 26. Rb5
Rc7 27. Ra8 Kg7 28. Rbb8 Be7 29. Rg8+ Kh6 30. Rg3 d5 31. cxd5 Rd7 32. dxe6 fxe6
33. Rag8 Rd5 34. Re3 Bc5 35. Rxe6 Rf5 36. g3 Bg1 37. g4 Rxf4 38. Rxf6+ Rxf6 39.
g5+ Kh5 40. gxf6 Bxh2 41. Kc4 Bd6 42. Kd5 1-0

[Event "Elit(Rockaden-Manhem)"]
[Site "?"]
[Date "2005.??.??"]
[Round "3"]
[White "Akesson, Joel"]
[Black "Engqvist, Thomas"]
[Result "1-0"]
[WhiteElo "2392"]
[BlackElo "2429"]
[PlyCount "83"]
[EventDate "2005.??.??"]

1. d4 d5 2. Nf3 Nf6 3. c4 c6 4. e3 Bg4 5. Nc3 e6 6. Qb3 Qb6 7. Ne5 Bf5 8. c5
Qc7 9. Qa4 Nbd7 10. Nxd7 Nxd7 11. b4 b5 12. Qd1 a5 13. bxa5 Rxa5 14. Bd2 Qa7
15. Nxb5 cxb5 16. Bxa5 Qxa5+ 17. Qd2 Qa4 18. Bd3 Bxd3 19. Qxd3 Qc4 20. Qxc4
bxc4 21. Rb1 Kd8 22. c6 Kc7 23. cxd7 Bd6 24. a4 Ra8 25. Ra1 Ra5 26. Kd2 Kxd7
27. Rhb1 Kc6 28. Ra2 f6 29. f4 e5 30. fxe5 fxe5 31. g3 exd4 32. exd4 Bc7 33.
Rf1 Ra7 34. Kd1 Bb6 35. Rf4 Ra8 36. h4 Ra7 37. h5 Kd6 38. h6 Re7 39. a5 Ba7 40.
hxg7 Rxg7 41. Rh2 Bxd4 42. Rxd4 1-0

[Event "Elit(Rockaden-Manhem)"]
[Site "?"]
[Date "2005.??.??"]
[Round "3"]
[White "Livner, Anders"]
[Black "Hultin, Johan"]
[Result "1/2-1/2"]
[WhiteElo "2405"]
[BlackElo "2286"]
[PlyCount "115"]
[EventDate "2005.??.??"]

1. d4 d5 2. c4 c6 3. Nf3 Nf6 4. e3 Bf5 5. Nc3 e6 6. Nh4 Be4 7. f3 Bg6 8. Qb3
Qb6 9. Nxg6 hxg6 10. Bd2 Nbd7 11. O-O-O O-O-O 12. Be2 Be7 13. Kb1 Kb8 14. Be1
Bd6 15. h3 Qxb3 16. axb3 Nh5 17. f4 f5 18. g4 Nhf6 19. g5 Ne4 20. Nxe4 fxe4 21.
Bg4 Nf8 22. h4 Re8 23. Bg3 Kc8 24. Rh2 Kd8 25. Rdh1 Ke7 26. Be1 Rb8 27. Be2 Nd7
28. Ba5 Rbc8 29. Bc3 Ra8 30. Kc2 a6 31. Kd2 Rac8 32. Ke1 Ra8 33. Kf2 Rac8 34.
Kg3 Ra8 35. Kg4 Rh5 36. Kg3 Rhh8 37. Kg2 Rac8 38. Bg4 Ra8 39. Kf2 Rab8 40. Ke1
Ra8 41. h5 gxh5 42. Rxh5 Rxh5 43. Rxh5 Nf8 44. Rh8 g6 45. Kd1 Kf7 46. Kc2 Kg7
47. Rh1 Re8 48. b4 Kf7 49. Be2 Rc8 50. Kd2 Be7 51. Ra1 Nd7 52. b5 axb5 53. cxb5
c5 54. Rh1 Nf8 55. Ra1 Nd7 56. Rh1 Nf8 57. Ra1 Nd7 58. Rh1 1/2-1/2

[Event "Elit(Lulea-Rockaden)"]
[Site "?"]
[Date "2005.??.??"]
[Round "4"]
[White "Andersson, Ulf"]
[Black "Setterqvist, Kurt"]
[Result "1/2-1/2"]
[WhiteElo "2634"]
[BlackElo "2337"]
[PlyCount "125"]
[EventDate "2005.??.??"]

1. Nf3 d5 2. d4 Nf6 3. c4 c6 4. cxd5 cxd5 5. Nc3 Nc6 6. Bf4 a6 7. Rc1 Bf5 8. e3
Rc8 9. Bd3 Bxd3 10. Qxd3 e6 11. O-O Bd6 12. Bxd6 Qxd6 13. Na4 O-O 14. Nc5 Qe7
15. h3 Rc7 16. Rc3 Rfc8 17. Rfc1 Nb8 18. Ne5 Ne8 19. Na4 f6 20. Nf3 Nd6 21. Nd2
Rxc3 22. Rxc3 Rxc3 23. Qxc3 Nc6 24. Qc5 Kf7 25. a3 h6 26. Kf1 Nc8 27. Qc2 Nd6
28. Nc5 Nb8 29. Nd3 Nc6 30. Nf4 Kg8 31. Kg1 Qf7 32. Qc5 Qe7 33. Nd3 Kf7 34. Qc2
Kg8 35. Nf4 Qf7 36. Qc5 Qe7 37. Nb3 g5 38. Nd3 Kg7 39. Na5 Nxa5 40. Qxa5 Nc4
41. Qc3 Nd6 42. Nc5 Kf7 43. Qc2 Kg7 44. Qb3 Kf7 45. Qd3 Kg7 46. Qc2 f5 47. Nd3
Nc4 48. a4 Kf6 49. b3 Nd6 50. Qc5 Qd8 51. Ne5 Nf7 52. Nxf7 Kxf7 53. b4 Qd7 54.
b5 axb5 55. axb5 Kg7 56. Kh2 Kf7 57. g4 fxg4 58. hxg4 Kg7 59. Kg3 Kf7 60. Kf3
Kg7 61. Kg3 Kf7 62. b6 Ke8 63. f4 1/2-1/2

[Event "Elit(Lulea-Rockaden)"]
[Site "?"]
[Date "2005.??.??"]
[Round "4"]
[White "Kauppila, Osmo"]
[Black "Olsson, Anders"]
[Result "0-1"]
[WhiteElo "2335"]
[BlackElo "2490"]
[PlyCount "106"]
[EventDate "2005.??.??"]

1. e4 e6 2. d4 d5 3. Nd2 Nf6 4. e5 Nfd7 5. Bd3 c5 6. c3 Nc6 7. Ne2 cxd4 8. cxd4
f6 9. exf6 Qxf6 10. Nf3 h6 11. O-O Bd6 12. Nc3 O-O 13. Be3 Rf7 14. Rc1 Nf8 15.
Bb1 Bd7 16. h3 Rd8 17. Nh2 e5 18. Nxd5 Qe6 19. Nc7 Bxc7 20. d5 Qe8 21. dxc6
Bxc6 22. Qg4 e4 23. Rfd1 Qe5 24. Nf1 Qxb2 25. Ng3 Bb6 26. Bxb6 Rxd1+ 27. Rxd1
Qxb6 28. Nxe4 Bxe4 29. Qxe4 Qxf2+ 30. Kh1 Qf4 31. Qd5 Kh8 32. Qc5 b6 33. Qc2
Qe3 34. a4 Rf2 35. Qc6 Qf4 36. Be4 Rf1+ 37. Rxf1 Qxf1+ 38. Kh2 Qf7 39. Bd5 Qe7
40. Be4 Kg8 41. Bd5+ Kh7 42. Bb3 h5 43. Qd5 g6 44. Kg3 Kh6 45. Qd4 Nh7 46. h4
Nf6 47. Kf4 Qf8 48. Ke5 Qb8+ 49. Qd6 Ng4+ 50. Kd5 Qg8+ 51. Qe6 Qa8+ 52. Qc6
Ne3+ 53. Kd6 Nf5+ 0-1

[Event "Elit(Lulea-Rockaden)"]
[Site "?"]
[Date "2005.??.??"]
[Round "4"]
[White "Hermansson, Emil"]
[Black "Engstrom, Kaj"]
[Result "0-1"]
[WhiteElo "2557"]
[BlackElo "2249"]
[PlyCount "84"]
[EventDate "2005.??.??"]

1. d4 Nf6 2. c4 e6 3. Nf3 d5 4. Nc3 c6 5. e3 Nbd7 6. Qc2 Bd6 7. Bd3 dxc4 8.
Bxc4 b5 9. Be2 Bb7 10. O-O a6 11. e4 e5 12. Bg5 h6 13. Bh4 Qc7 14. dxe5 Nxe5
15. Bxf6 Nxf3+ 16. Bxf3 gxf6 17. g3 O-O-O 18. Rac1 Kb8 19. a4 h5 20. axb5 axb5
21. h4 Rdg8 22. Qe2 Qb6 23. Kg2 Rg7 24. Qd2 Rd8 25. Rfd1 Bc7 26. Qh6 Rdg8 27.
Ne2 Be5 28. b4 Qc7 29. Rd3 Bc8 30. Bxh5 Be6 31. Qd2 Bc4 32. Rd7 Bxg3 33. Kf3
Qe5 34. Rd8+ Kc7 35. Qd7+ Kb6 36. Qd4+ Qxd4 37. Rxd4 Be5 38. Rdd1 Rh8 39. Rxc4
bxc4 40. Bg4 Rxh4 41. Bd7 Rg8 42. Bf5 Ra8 0-1

[Event "Elit(Lulea-Rockaden)"]
[Site "?"]
[Date "2005.??.??"]
[Round "4"]
[White "Marklund, Nicklas"]
[Black "Bator, Robert"]
[Result "0-1"]
[WhiteElo "2270"]
[BlackElo "2475"]
[PlyCount "104"]
[EventDate "2005.??.??"]

1. d4 d5 2. c4 c6 3. Nf3 Nf6 4. Nc3 a6 5. Qb3 e6 6. c5 Nbd7 7. Bf4 Nh5 8. Bd2
e5 9. e3 e4 10. Ng1 Be7 11. f3 exf3 12. Nxf3 O-O 13. Bd3 Bh4+ 14. g3 Be7 15. g4
Nhf6 16. g5 Nh5 17. Rg1 g6 18. O-O-O Rb8 19. Na4 b5 20. Nc3 a5 21. Ne2 b4 22.
Ng3 Nxg3 23. Rxg3 Qc7 24. Rg2 Qa7 25. Qa4 Qa8 26. h4 Ba6 27. Bxa6 Qxa6 28. h5
Qc4+ 29. Kb1 Nxc5 30. dxc5 Qe4+ 31. Ka1 Qxf3 32. Rgg1 Rb5 33. Qc2 Rxc5 34. Qd3
Qe4 35. Qe2 Rc2 36. Rg4 Qe5 37. Rd4 Bxg5 38. Qd3 Rxd2 39. Rxd2 Bxe3 40. Rh4
Bxd2 41. Qxd2 Re8 42. Rh1 Qe4 43. Qc1 d4 44. b3 Qe3 45. Qf1 Qc3+ 46. Kb1 d3 47.
hxg6 hxg6 48. Qh3 Re1+ 49. Rxe1 Qxe1+ 50. Kb2 Qc3+ 51. Kb1 Qc2+ 52. Ka1 Qc1#
0-1

[Event "Elit(Lulea-Rockaden)"]
[Site "?"]
[Date "2005.??.??"]
[Round "4"]
[White "Wessman, Rickard"]
[Black "Pousette, Gunnar"]
[Result "1-0"]
[WhiteElo "2502"]
[BlackElo "2163"]
[PlyCount "55"]
[EventDate "2005.??.??"]

1. Nf3 c5 2. c4 Nf6 3. g3 g6 4. Bg2 Bg7 5. O-O O-O 6. Nc3 Nc6 7. d4 cxd4 8.
Nxd4 Nxd4 9. Qxd4 d6 10. Qd2 a6 11. b3 Rb8 12. Bb2 Be6 13. Rac1 Re8 14. Rfd1
Qa5 15. e3 Nd7 16. a3 Qh5 17. Ne2 Bxb2 18. Qxb2 g5 19. Nd4 Bh3 20. f4 Bxg2 21.
Qxg2 g4 22. b4 Rec8 23. Qe4 Re8 24. Nf5 Kf8 25. Qd4 Nf6 26. Nxe7 Rxe7 27. Qxf6
Re6 28. Qh8+ 1-0

[Event "Elit(Lulea-Rockaden)"]
[Site "?"]
[Date "2005.??.??"]
[Round "4"]
[White "Rolen, Magnus"]
[Black "Engqvist, Thomas"]
[Result "0-1"]
[WhiteElo "2174"]
[BlackElo "2429"]
[PlyCount "157"]
[EventDate "2005.??.??"]

1. Nc3 d5 2. e4 c6 3. Qf3 dxe4 4. Nxe4 Nd7 5. d4 Ndf6 6. c3 Nxe4 7. Qxe4 Nf6 8.
Qc2 Bg4 9. Ne2 Bh5 10. Nf4 Bg6 11. Nxg6 hxg6 12. Qb3 Qc7 13. g3 e6 14. Bf4 Qb6
15. Bg2 Qa6 16. Bf1 Qb6 17. Bg2 O-O-O 18. Qxb6 axb6 19. h3 Nd5 20. Bd2 Be7 21.
a4 Kc7 22. O-O Ra8 23. b3 Rhd8 24. Rad1 Rd7 25. c4 Nf6 26. Bf4+ Bd6 27. Bg5
Rad8 28. Rd3 Bc5 29. d5 exd5 30. cxd5 cxd5 31. Rc1 Kb8 32. Rcd1 d4 33. Bf4+ Ka7
34. Be5 Ne8 35. b4 Bxb4 36. Rxd4 Rxd4 37. Rxd4 Rxd4 38. Bxd4 Bc5 39. Bc3 g5 40.
Bd5 f6 41. Kg2 b5 42. axb5 Nc7 43. Bc4 Kb6 44. Bd2 Nxb5 45. f4 gxf4 46. Bxf4
Nd4 47. h4 Kc6 48. Kh3 Bd6 49. Be3 Nf5 50. Bf2 Bc5 51. Be1 Ne3 52. Bd3 b5 53.
g4 b4 54. g5 fxg5 55. hxg5 Kd5 56. Bd2 Nc4 57. Be1 b3 58. Bc3 Bd4 59. Bb4 Ne5
60. Bb1 Kc4 61. Bf8 Nd7 62. Ba3 Nc5 63. Kg4 Na4 64. Bf8 Nc3 65. Bf5 Nd5 66. Kh5
b2 67. Kg6 Nf4+ 68. Kf7 Nd3 69. Be6+ Kc3 70. Ba2 Kc2 71. Bxg7 Bxg7 72. Kxg7 Nb4
73. g6 Nxa2 74. Kh8 b1=Q 75. g7 Qh1+ 76. Kg8 Nc3 77. Kf7 Qh7 78. Kf8 Nd5 79.
g8=N 0-1

[Event "Elit(Lulea-Rockaden)"]
[Site "?"]
[Date "2005.??.??"]
[Round "4"]
[White "Livner, Anders"]
[Black "Pettersson, Tobias"]
[Result "1-0"]
[WhiteElo "2405"]
[BlackElo "2150"]
[PlyCount "79"]
[EventDate "2005.??.??"]

1. d4 d6 2. Nf3 g6 3. c4 Bg7 4. Nc3 Nf6 5. g3 O-O 6. Bg2 Nc6 7. O-O Bf5 8. d5
Na5 9. Nd4 Bd7 10. b3 c5 11. dxc6 Nxc6 12. e3 Rb8 13. Bb2 a6 14. a4 Ne8 15. Qd2
Nc7 16. Rfe1 Nxd4 17. exd4 b5 18. cxb5 axb5 19. a5 e6 20. Ne4 d5 21. Nc5 b4 22.
Rec1 Nb5 23. Na6 Ra8 24. Nxb4 Qe7 25. Nc6 Qd6 26. Ne5 Rfb8 27. Bf1 Be8 28. Rc2
Nxd4 29. Qxd4 Rb4 30. Qc3 d4 31. Qf3 Rab8 32. Nc4 Qd5 33. Qxd5 exd5 34. Nd2 Bh6
35. a6 Bxd2 36. Rxd2 Rxb3 37. Bxd4 Bc6 38. h4 Rb1 39. Rxb1 Rxb1 40. Rb2 1-0

[Event "Elit(Lulea-Rockaden)"]
[Site "?"]
[Date "2005.??.??"]
[Round "4"]
[White "Dedorson, Tomas"]
[Black "Vilchez, Victor"]
[Result "1/2-1/2"]
[WhiteElo "2149"]
[BlackElo "2368"]
[PlyCount "85"]
[EventDate "2005.??.??"]

1. d4 c5 2. d5 Nf6 3. Nc3 d6 4. e4 g6 5. Nf3 Bg7 6. Be2 O-O 7. O-O a6 8. a4 e6
9. h3 Re8 10. Nd2 exd5 11. exd5 Nbd7 12. f4 Nb6 13. Bf3 Rb8 14. a5 Na8 15. Nc4
Bf5 16. g4 Be4 17. g5 Bxf3 18. Qxf3 Nh5 19. f5 Bd4+ 20. Kg2 Qc7 21. Ne4 Be5 22.
Bd2 b5 23. Nxe5 Rxe5 24. fxg6 hxg6 25. Bc3 Rf5 26. Qxh5 gxh5 27. Rxf5 b4 28.
Nf6+ Kf8 29. Bd2 c4 30. g6 Kg7 31. Nxh5+ Kxg6 32. Rf6+ Kh7 33. Rh6+ Kg8 34.
Nf6+ Kf8 35. Kh2 Qa7 36. Rf1 Qd4 37. Rh8+ Kg7 38. Rh7+ Kf8 39. Bh6+ Ke7 40. Nd7
Re8 41. Re1+ Kd8 42. Bg5+ Kc7 43. Rxe8 1/2-1/2

[Event "Elit(SodraSASS-LASK)"]
[Site "?"]
[Date "2005.??.??"]
[Round "4"]
[White "Niklasson, Christer"]
[Black "Ornstein, Axel"]
[Result "1/2-1/2"]
[WhiteElo "2423"]
[BlackElo "2425"]
[PlyCount "68"]
[EventDate "2005.??.??"]

1. d4 Nf6 2. c4 e6 3. Nf3 d5 4. Nc3 Bb4 5. Qa4+ Nc6 6. cxd5 Nxd5 7. Bd2 O-O 8.
e3 Bd7 9. Qb3 a5 10. a3 a4 11. Qc2 Bd6 12. e4 Nb6 13. e5 Be7 14. Qe4 Na5 15.
Bd3 g6 16. Bh6 Bc6 17. Qf4 Bxf3 18. Bxf8 Bxf8 19. gxf3 Nb3 20. Rd1 Qxd4 21.
Qxd4 Nxd4 22. Be4 c5 23. Bxb7 Ra7 24. Be4 Nc4 25. O-O Nxb2 26. Rb1 Nc4 27. Rb8
Nxa3 28. Ra1 Nc4 29. Rxa4 Rxa4 30. Nxa4 Kg7 31. Rc8 Nxe5 32. Nxc5 Nexf3+ 33.
Bxf3 Nxf3+ 34. Kg2 Nh4+ 1/2-1/2

[Event "Elit(SodraSASS-LASK)"]
[Site "?"]
[Date "2005.??.??"]
[Round "4"]
[White "Furhoff, Johan"]
[Black "Olsson, Linus"]
[Result "1/2-1/2"]
[WhiteElo "2401"]
[BlackElo "2439"]
[PlyCount "101"]
[EventDate "2005.??.??"]

1. e4 c5 2. Nf3 d6 3. d4 cxd4 4. Nxd4 Nf6 5. Nc3 a6 6. Bg5 e6 7. f4 Be7 8. Qf3
Qa5 9. O-O-O Bd7 10. e5 dxe5 11. fxe5 Nc6 12. Nf5 exf5 13. exf6 gxf6 14. Bf4
O-O-O 15. Rd5 Qb6 16. Na4 Qb4 17. Bb5 Ne5 18. Nb6+ Kc7 19. Rxe5 Kxb6 20. Qe3+
Bc5 21. Rxc5 Qxc5 22. Bc4 Qxe3+ 23. Bxe3+ Kc6 24. Bxf7 Be8 25. Bc4 Bh5 26. Bd3
Rhe8 27. Kd2 Rg8 28. Rg1 Bf7 29. Kc3 Bd5 30. g3 Be4 31. Bc4 Rge8 32. Bf4 b5 33.
Bf7 Re7 34. Bh5 Kb7 35. Kb3 Bd5+ 36. Ka3 Rc8 37. Rd1 Kc6 38. b3 Rd7 39. Rc1 Kb7
40. Be2 Re8 41. Bh5 Rc8 42. Be2 Be4 43. c4 bxc4 44. Bxc4 Rc6 45. Kb4 Rd8 46. a4
Rcc8 47. Re1 Re8 48. Ka5 Rc5+ 49. Kb4 Rcc8 50. Ka5 Rc5+ 51. Kb4 1/2-1/2

[Event "Elit(SodraSASS-LASK)"]
[Site "?"]
[Date "2005.??.??"]
[Round "4"]
[White "Lund, Esben"]
[Black "Sjoberg, Mats"]
[Result "1-0"]
[WhiteElo "2290"]
[BlackElo "2393"]
[PlyCount "81"]
[EventDate "2005.??.??"]

1. d4 Nf6 2. c4 e6 3. Nc3 Bb4 4. e3 b6 5. Bd3 Bb7 6. Nf3 Bxc3+ 7. bxc3 Be4 8.
Be2 O-O 9. O-O Nc6 10. Nd2 Bg6 11. f3 d5 12. Nb3 Re8 13. Bd2 Ne7 14. Qc1 Nf5
15. Be1 e5 16. cxd5 Nxd5 17. e4 Nf4 18. Ba6 Qg5 19. g3 Nh3+ 20. Kg2 Ne3+ 21.
Qxe3 Qxe3 22. Bd2 Qxd2+ 23. Nxd2 Ng5 24. h4 Ne6 25. f4 exf4 26. gxf4 Nf8 27. f5
Bh5 28. Rae1 c5 29. e5 Red8 30. Rf4 cxd4 31. cxd4 Nd7 32. Nc4 b5 33. Bxb5 Rab8
34. Nd6 Nb6 35. Bc6 h6 36. f6 g5 37. hxg5 hxg5 38. Rf5 Bg6 39. Rxg5 Nc8 40.
Rxg6+ fxg6 41. Bd5+ 1-0

[Event "Elit(SodraSASS-LASK)"]
[Site "?"]
[Date "2005.??.??"]
[Round "4"]
[White "Welin, Thomas"]
[Black "Semcesen, Daniel"]
[Result "1-0"]
[WhiteElo "2370"]
[BlackElo "2310"]
[PlyCount "126"]
[EventDate "2005.??.??"]

1. Nf3 d5 2. b3 Nc6 3. Bb2 Bg4 4. d4 e6 5. e3 Nf6 6. Be2 Be7 7. c4 O-O 8. Nc3
Ne4 9. Nxe4 dxe4 10. Nd2 Bxe2 11. Qxe2 f5 12. O-O Qe8 13. f3 exf3 14. Nxf3 Qg6
15. Rae1 Bb4 16. Rd1 Bd6 17. c5 Be7 18. Bc3 Bf6 19. Be1 Ne7 20. Bg3 Nd5 21.
Rde1 c6 22. Bd6 Rfe8 23. Qd3 Rad8 24. a3 Be7 25. Ne5 Qh5 26. Bxe7 Rxe7 27. e4
fxe4 28. Rxe4 Nf6 29. Re3 Qh4 30. Nf3 Qh5 31. Re5 Qe8 32. Rfe1 Qd7 33. b4 b6
34. Qe2 Rde8 35. h3 Kh8 36. Qa2 Ng8 37. Kh1 Nf6 38. Qf2 Kg8 39. Qh4 h6 40. Qf2
Nd5 41. Qg3 Rf8 42. R5e4 Rf5 43. Nh4 Rg5 44. Qd6 Qxd6 45. cxd6 Rd7 46. Rxe6 Nf6
47. R1e5 Rxe5 48. Rxe5 Kf7 49. Nf5 Ng8 50. d5 cxd5 51. Ne7 Nxe7 52. dxe7 Rxe7
53. Rxd5 Ke6 54. Rd3 Rd7 55. Rc3 Kd5 56. Rd3+ Kc6 57. b5+ Kc7 58. Rc3+ Kb7 59.
Rc4 a6 60. bxa6+ Kxa6 61. Rc6 Kb5 62. Rg6 Ra7 63. h4 Kc5 1-0

[Event "Elit(SodraSASS-LASK)"]
[Site "?"]
[Date "2005.??.??"]
[Round "4"]
[White "Nilsson, Sebastian"]
[Black "Lundvik, Jonas"]
[Result "0-1"]
[WhiteElo "2263"]
[BlackElo "2349"]
[PlyCount "74"]
[EventDate "2005.??.??"]

1. e4 Nh6 2. d4 d5 3. exd5 Qxd5 4. Nc3 Qa5 5. Nf3 c6 6. Bc4 Bg4 7. h3 Qh5 8.
Be2 e6 9. Ne4 Qg6 10. Ng3 Bxf3 11. Bxf3 Nf5 12. Nxf5 Qxf5 13. Qe2 Nd7 14. Be4
Qa5+ 15. c3 Nf6 16. Bc2 Bd6 17. O-O O-O 18. Qf3 Qd5 19. Qd3 Rfe8 20. Be3 Rad8
21. Qd2 h6 22. Rfe1 e5 23. dxe5 Qxe5 24. f4 Qxe3+ 25. Rxe3 Bc5 26. Bh7+ Nxh7
27. Qc2 Rxe3 28. Kh1 Nf6 29. Rd1 Rde8 30. Kh2 Re2 31. Qb3 Bb6 32. Rf1 Rd2 33.
Rd1 Rf2 34. Qb4 Ree2 35. Rg1 Rxb2 36. Qd6 Rfd2 37. Qb8+ Kh7 0-1

[Event "Elit(SodraSASS-LASK)"]
[Site "?"]
[Date "2005.??.??"]
[Round "4"]
[White "Holmqvist, Gunnar"]
[Black "Johnson, Bjorn"]
[Result "0-1"]
[WhiteElo "2275"]
[BlackElo "2277"]
[PlyCount "120"]
[EventDate "2005.??.??"]

1. Nf3 g6 2. e4 Nf6 3. Nc3 d5 4. exd5 Nxd5 5. Bc4 Nxc3 6. bxc3 Bg7 7. d4 O-O 8.
O-O c5 9. h3 Nc6 10. Be3 Qa5 11. Qe1 Bf5 12. Rb1 Qc7 13. Qe2 Na5 14. Bd3 Bd7
15. Qd2 cxd4 16. cxd4 Rac8 17. Bf4 Nc4 18. Bxc4 Qxc4 19. Ne5 Bxe5 20. dxe5 Rfd8
21. Rb4 Qc7 22. Rd4 Be6 23. c3 Rxd4 24. cxd4 Qc2 25. Qb4 Qe4 26. Bg5 Bxa2 27.
Re1 Rc4 28. Qa5 b6 29. Rxe4 bxa5 30. Bxe7 Rc1+ 31. Kh2 Rc2 32. Kg3 Bd5 33. Re3
a4 34. Ra3 Bb3 35. Ra1 Kg7 36. Ba3 Rd2 37. Rc1 Bd5 38. f3 Rd3 39. Be7 g5 40.
Bxg5 Kg6 41. Be7 a3 42. Bxa3 Rxa3 43. Rc5 Ba2 44. Kf4 Rd3 45. Ra5 Bb1 46. Ra6+
Kg7 47. Rxa7 Rxd4+ 48. Ke3 Rd3+ 49. Kf4 Rd4+ 50. Ke3 Rd1 51. g4 h5 52. Kf4 Re1
53. gxh5 Re2 54. h4 Ba2 55. Ra5 Be6 56. Ra8 Rh2 57. Kg5 Rh3 58. h6+ Kh7 59. Ra3
Bd5 60. Kf6 Rxh4 0-1

[Event "Elit(SodraSASS-LASK)"]
[Site "?"]
[Date "2005.??.??"]
[Round "4"]
[White "Riis, Jens"]
[Black "Winge, Stefan"]
[Result "1/2-1/2"]
[WhiteElo "2248"]
[BlackElo "2268"]
[PlyCount "167"]
[EventDate "2005.??.??"]

1. d4 Nf6 2. Nf3 g6 3. Bg5 Ne4 4. Bf4 d5 5. e3 c5 6. dxc5 Nc6 7. c3 Bg7 8. Nbd2
Nxc5 9. Nb3 b6 10. Bb5 Bb7 11. Nbd4 Rc8 12. Ne5 Bxe5 13. Bxe5 O-O 14. Bg3 Ne4
15. Bh4 Ne5 16. Qc2 Nc4 17. Rd1 Qc7 18. O-O e5 19. Nf3 Ncd6 20. Be2 Nf5 21. Bg3
f6 22. Nd2 h5 23. Nxe4 dxe4 24. Qb3+ Kg7 25. Qe6 Rf7 26. h3 Re7 27. Qb3 Nxg3
28. fxg3 Qc5 29. c4 Rcc7 30. Rd2 Red7 31. Rfd1 Bc6 32. Qc3 a5 33. a3 a4 34. g4
h4 35. Rxd7+ Rxd7 36. Rxd7+ Bxd7 37. g3 hxg3 38. Kg2 f5 39. gxf5 gxf5 40. Kxg3
Kg6 41. Qc1 Kf6 42. Kg2 Bc6 43. Qd2 Qe7 44. Kh2 Ke6 45. Qe1 Kd7 46. Qd1+ Kc7
47. Qd2 Qh4 48. c5 bxc5 49. Qa5+ Kd6 50. Bc4 f4 51. Qd2+ Ke7 52. Qg2 Kf6 53.
Qg8 Qf2+ 54. Kh1 Qe1+ 55. Kh2 Qd2+ 56. Kh1 Qc1+ 57. Kh2 Qxb2+ 58. Kh1 Qc1+ 59.
Kh2 Qd2+ 60. Kh1 Qe1+ 61. Kh2 Qg3+ 62. Qxg3 fxg3+ 63. Kxg3 Kf5 64. h4 Kg6 65.
Kg4 Bd7+ 66. Kg3 Kf5 67. Bg8 Bc6 68. Bc4 Be8 69. Bg8 Bc6 70. Bc4 Kg6 71. Kg4
Bd7+ 72. Kg3 Kf6 73. Bd5 Kf5 74. Bg8 Bb5 75. Bh7+ Kf6 76. Bxe4 c4 77. Kf3 c3
78. Bc2 Bc6+ 79. e4 Bb5 80. Ke3 Kg6 81. Bd1 Bc4 82. Bf3 Bb5 83. Bd1 Kh6 84. Bf3
1/2-1/2

[Event "Elit(SodraSASS-LASK"]
[Site "?"]
[Date "2005.??.??"]
[Round "4"]
[White "Werner, Lennart"]
[Black "Smith, Axel"]
[Result "1-0"]
[WhiteElo "2211"]
[BlackElo "2206"]
[PlyCount "69"]
[EventDate "2005.??.??"]

1. c4 c5 2. Nf3 Nf6 3. d4 cxd4 4. Nxd4 e5 5. Nb5 d5 6. cxd5 Bc5 7. a4 O-O 8.
N1c3 Bf5 9. e3 e4 10. Be2 Nbd7 11. O-O Nb6 12. Qb3 Nfxd5 13. a5 Nxc3 14. Nxc3
Nd7 15. Qxb7 Qe7 16. Qd5 Bg6 17. Rd1 Nf6 18. Qg5 h6 19. Qh4 Rfd8 20. Bd2 Rab8
21. Rab1 Bb4 22. Be1 Bxa5 23. Rxd8+ Rxd8 24. Bc4 Qc5 25. Bb3 Rb8 26. Bc2 Qe5
27. Qg3 Bc7 28. Qxe5 Bxe5 29. b4 Kf8 30. h3 Ke7 31. Kf1 Kd6 32. Bd2 Bxc3 33.
Bxc3 Nd5 34. Rd1 Kc6 35. Ba4+ 1-0

[Event "Elit(Linkoping-Sollentuna)"]
[Site "?"]
[Date "2005.??.??"]
[Round "4"]
[White "Agrest, Evgenij"]
[Black "Olsson, Conny"]
[Result "1-0"]
[WhiteElo "2679"]
[BlackElo "2252"]
[PlyCount "113"]
[EventDate "2005.??.??"]

1. d4 b5 2. e4 a6 3. a4 Bb7 4. f3 b4 5. Nh3 e6 6. Be3 Nf6 7. Nd2 d5 8. exd5
Nxd5 9. Bf2 Nd7 10. Ne4 Be7 11. Bd3 O-O 12. O-O c5 13. dxc5 Qc7 14. Kh1 Nxc5
15. Nxc5 Bxc5 16. Bxc5 Qxc5 17. Qe2 Nf6 18. a5 Rfd8 19. Rfe1 Rd6 20. Nf4 Rad8
21. b3 h6 22. Qf1 Qg5 23. Nh3 Qc5 24. Qf2 Nd7 25. Qg3 Rd4 26. Nf2 Qc8 27. Ng4
Kf8 28. Bc4 Nc5 29. Qe5 Qc6 30. Qh5 Qc7 31. Ne3 Rd2 32. Bf1 Qe7 33. Rac1 Qg5
34. Qxg5 hxg5 35. Kg1 f6 36. Bc4 R8d7 37. Kf1 e5 38. Re2 e4 39. Rxd2 Rxd2 40.
Ke1 Rd7 41. Ke2 exf3+ 42. gxf3 g6 43. Rd1 Rxd1 44. Nxd1 Nd7 45. Ne3 Ne5 46. Bd5
Bc6 47. Bxc6 Nxc6 48. Kd3 Kf7 49. Nd5 f5 50. Kc4 Ne5+ 51. Kxb4 Nxf3 52. Kc5
Nxh2 53. b4 f4 54. b5 f3 55. bxa6 f2 56. Ne3 Ng4 57. Nf1 1-0